| 000 | 00619pam a2200217 a 4500 | ||
|---|---|---|---|
| 001 | 12486 | ||
| 003 | BD-RjUL | ||
| 005 | 20211208235313.0 | ||
| 008 | 140129s1949 caua b 101 0 eng d | ||
| 035 | _a(BD-RjUL)12535 | ||
| 040 |
_aDLC _cDLC _dDLC _dBD-RjUL _beng |
||
| 041 | _aeng | ||
| 082 | 0 | 0 |
_a525 _220 _bBEO 1949 |
| 100 |
_aBenjamine, Elbert _938871 |
||
| 245 | 0 | 0 |
_aOrigin of the earth / _cElbert Benjamine. |
| 260 |
_aCalifornia : _bThe Church of Light, _cc1949. |
||
| 300 |
_a256 p. : _bill. ; _c17 cm. |
||
| 651 | 0 |
_aEarth (Planet) _xOrigin _vCongresses. _938872 |
|
| 942 |
_2ddc _cBK |
||
| 999 |
_c12486 _d12486 |
||